Top 30 Lil Nas X Songs - Statistics

General Stats
  • This quiz has been taken 5 times
  • The average score is 10 of 30
Answer Stats
# Songs Rating % Correct
22. Old Town Road 68
100%
1. INDUSTRY BABY 89
80%
10. Panini 76
60%
3. SUN GOES DOWN 82
60%
8. TALES OF DOMINICA 78
60%
4. THATS WHAT I WANT 81
60%
6. AM I DREAMING 79
40%
7. DEAD RIGHT NOW 79
40%
20. DOLLA SIGN SLIME 70
40%
28. DREAMBOY 63
40%
5. HOTBOX 80
40%
2. MONTERO (Call Me By Your Name) 85
40%
23. need dat boy 68
40%
27. SWISH 63
40%
24. BIG DUMMY 67
20%
26. C7osure (You Like) 65
20%
16. DONT WANT IT 74
20%
29. F9mily (You & Me) 61
20%
17. LEAN ON MY BODY 73
20%
11. LIFE AFTER SALEM 76
20%
9. LIGHT AGAIN! 78
20%
15. LOST IN THE CITADEL 74
20%
19. Old Town Road (Remix) 73
20%
18. ONE OF ME 73
20%
21. Rodeo 68
20%
25. SCOOP 67
20%
30. Bring U Down 58
0%
12. P.B.S. 76
0%
13. RIGHT THERE! 75
0%
14. VOID 75
0%
No matching quizzes found
Score Distribution
Percent of People with Each Score
Percentile by Number Answered
Your Score History
You have not taken this quiz